000 00686nam a2200205 i 4500
001 180595
003 ES-MaACL
005 20250803063104.0
008 120615s1899 fr |||| | fre d
100 1 _aLabriola, Antonio,
_d1843-1904
_9241509
245 1 0 _aSocialisme et philosophie
_b: (lettres à G. Sorel) /
_cpar Antonio Labriola.
260 _aParis :
_bV. Giard,
_c1899.
300 _aV, 262 p. ;
_c18 cm.
490 1 _aBibliothèque socialiste internationale ;
_v5
650 0 4 _aMarxismo.
_914803
650 0 7 _aSocialismo
_2embne
_917147
830 0 _aBibliothèque socialiste internationale ;
_v5
_9188193
852 _aES-MaACL
_jD-286
999 _c180595
_d180595